Die Drei!!! Wissensquiz 2 - Statistiken

Allgemein
  • Dieses Quiz wurde 115 mal gespielt
  • Das Durchschnittsergebnis liegt bei 8 aus 15
Antwortstatistiken
Frage Antwort % Korrekt
Wie heißt Kim mit Nachnamen? Jülich
97%
Was ist das Lieblingsgetränk von den Drei!!! ? Kakao Spezial
83%
Wie heißt der Polizeikontakt von den Drei!!! ? Kommissar Peters
75%
Wie heißt Maries Stiefschwester? Lina
71%
Wer knackt bei Notwendigkeit die Schlösser? Marie
71%
Wie heißt Maries Stiefmutter? Tessa
71%
Beende den Spruch der Drei!!! : Die drei Ausrufezeichen sind gut, die drei Ausrufezeichen sind besser, die drei Ausrufezeichen sind unschlagbar!
62%
Wie heißt das Pony von Franzi? Tinka
62%
Wie heißt der Papa von Marie? Helmut Grevenbroich
57%
Wie heißt die Serienrolle von Maries Vater? Kommissar Brockmeier
41%
Wie heißt Kims erster Freund? Michi Millbrandt
30%
Gegen was ist Franzi allergisch? Pollen
19%
Wo lernen sich Kim und David kennen? Schreibworkshop
13%
Wie heißt Franzis Nichte? Leni
6%
Wie heißt Maries Lieblingsserie? Zickenwg
4%
Keine übereinstimmenden Quizze gefunden
Verteilung der Resultate
Anzahl Personen mit jedem Resultat
Perzentil nach korrekt beantworteten Fragen
Ihre Resultats-Entwicklung
Sie haben dieses Quiz noch nicht gespielt